| 000 | 00918nam a2200289Ia 4500 | ||
|---|---|---|---|
| 003 | OSt | ||
| 005 | 20220303101224.0 | ||
| 008 | 210719s2017 xx 000 0 und d | ||
| 020 | _a9789386241825 | ||
| 040 | _cAloy | ||
| 041 | _aeng | ||
| 082 |
_a338.9 _223 _bKULN |
||
| 100 |
_aU C Kulshrestha _922448 |
||
| 245 | _aNarains Economic Development and Planning | ||
| 250 | _a12th ed. | ||
| 260 |
_aAgra _bLakshmi Narain Agarwal _c2017 |
||
| 300 |
_aviii,458 _bPB _c22x14cm. |
||
| 365 |
_b240 _cRs |
||
| 520 | _aFor B.A.(Pass and Honours), M.A. Civil Service NET , & Other Competitive Examination | ||
| 650 |
_aEconomic Planning _922449 |
||
| 650 |
_aEconomic Policies and Problems _922450 |
||
| 650 | _2Growth Models in Indian Planning | ||
| 650 | _2Foreign Capital in India | ||
| 700 |
_dKULSHRESTHA (U C) _922448 |
||
| 906 | _a12 ; development ; economic ; ed ; Narains ; planning | ||
| 942 |
_2ddc _cBK |
||
| 999 |
_c212033 _d212033 |
||